Départements français les plus proches d'Hawaï - Statistiques

Statistiques générales
  • Ce quiz a été pris 131 fois
  • Le résultat moyen est 12 sur 20
Statistiques - réponses
Distance Département % Correct
9 712 km Guadeloupe
97%
9 825 km Martinique
97%
10 901 km Guyane
90%
11 746 km Finistère
75%
11 822 km Morbihan
66%
11 753 km Côtes-d'Armor
65%
11 669 km Nord
58%
11 669 km Pas-de-Calais
57%
11 709 km Manche
56%
11 814 km Ille-et-Vilaine
54%
11 767 km Calvados
53%
11 796 km Eure
52%
11 728 km Somme
50%
11 796 km Oise
49%
11 755 km Seine-Maritime
49%
11 833 km Orne
45%
11 799 km Aisne
39%
11 858 km Mayenne
39%
11 850 km Val-d'Oise
34%
11 815 km Ardennes
31%
Aucun quiz correspondant
Distribution des résultats
% des personnes avec chaque résultat
Percentile par nombre de réponses
Votre historique - résultats
Vous n’avez pas pris ce quiz